000 00271nam a22000977a 4500
008 241128b |||||||| |||| 00| 0 eng d
020 _a9780241434642
100 _aColfer Eoin
_97815
245 _aArtemis Fowl (And the Artic Incident)-2
260 _aLondon
_bPuffin Books
_c2019
999 _c12710
_d12710